Non Soviet Countries Bordering Russia - Statistics

General Stats
  • This quiz has been taken 94 times
  • The average score is 6 of 6
Answer Stats
Country % Correct
China
97%
Mongolia
97%
Finland
94%
Poland
93%
North Korea
91%
Norway
90%
No matching quizzes found
Score Distribution
Percent of People with Each Score
Percentile by Number Answered
Your Score History
You have not taken this quiz